| 000 | 00782nam a2200229 i 4500 | ||
|---|---|---|---|
| 001 | 146890 | ||
| 003 | ES-MaACL | ||
| 005 | 20260511145843.0 | ||
| 007 | t| | ||
| 008 | 070919q1946 sp ||||1| spa d | ||
| 080 | _a84-32"19"=6 | ||
| 100 |
_aTroyat, Henri, _d1911-2007 _9233580 |
||
| 245 | 1 | 0 |
_aSortilegio / _cHenri Troyat ; [traducción de Alejandro Liaño]. |
| 260 |
_aBarcelona : _bEdit. Lara, _c1946. |
||
| 300 |
_a234 p. ; _c19 cm. |
||
| 490 | 1 | _aCol. Horizonte | |
| 505 | 8 | _aContiene: Hechicerías.- El filántropo.- El velador.- El retrato.- El "Hijo del Cielo".- La gloria.- Resurreccion.- La verdad.- La pelirroja | |
| 700 | 1 |
_aLiaño, Alejandro. _972149 |
|
| 830 | 0 |
_aCol. Horizonte _9187435 |
|
| 852 |
_aES-MaACL _jE-962 _bR.28468 |
||
| 999 |
_c146890 _d146890 |
||